000 00372nam a2200121Ia 4500
008 220216s9999 xx 000 0 und d
100 _aWinesett Donald A.
245 4 _aThe Application of high resolution chemical imaging techniques for butyl rubber blends
260 _bRubber Chemistry and Technology
_c2008
300 _a265-275
700 _aTsou Andy H.
942 _cJS
999 _c70465
_d70465